000 00518nam a2200181Ia 4500
003 GCL
008 140319s9999 xx 000 0 ara d
040 _aGCL /
_cGCL
082 0 4 _a338.9
_bس ا
100 1 _aسيد مرعى
245 1 0 _aالمشروع العربى للتنمية : لكى تربح المستقبل /
_cسيد مرعى
300 _a158 ص
490 _aكتاب
_v0
650 0 4 _aالاقتصاد
650 0 4 _aالتنمية الاقتصادية
650 0 4 _aالبترول
942 _2ddc
_cBK
999 _c41997
_d41997